000 01077nam a22003497a 4500
001 BR0303552
003 BR-BrBNA
005 20230928101335.0
007 ta
008 230509b bl.||||| |||| 00| 0 por d
040 _aBR-BrBNA
_bpor
_cBiblioteca Nacional de Agricultura
041 _a(Por)
072 _aQ54
_b9410
090 _ 9410 BR0303552
100 1 _aSoglia, S.L. de O.
110 1 _aUniversidade Federal de Lavras, MG (Brasil)
_0Tese (Doutorado)
245 1 _aPerfil de ácidos graxos e concentração de ácido linoléico conjugado (CLA)na gordura do leite de vacas alimentadas com diferentes fontes de lipídeos
260 3 _aLavras, MG (Brasil):
_c2003.
300 _a75 p.
500 _aSummaries (Eng, Por); Bibliography p. 63-69; 14 illus.; 17 tables
650 _aLEITE
650 _aÁCIDO GRAXO
650 _aÁCIDO LINOLÉICO
650 _aANÁLISE DE ALIMENTO
650 _aRAÇÃO
650 _aDIETA
650 _aVACA LEITEIRA
650 _aSOJA
650 _aALGODÃO
909 _a202309
_bLucia
_c55
_dLucia Elande
942 _cBK
999 _c65342
_d65342